000
00229nam a2200085Ia 4500
008
120527s9999 xx 000 0 und d
100
_a
NUC
245
_a
Approved academic programmes in Nigeria Universities August 2005.
942
_c
BK
999
_c
25266
_d
25266